000 00514nam a2200181Ia 4500
005 20250508160021.0
008 008 250505s9999 xx 000 0 eng d
037 _aBooks to be hide in OPAC
040 _aFEDL
_beng
_cFEDL
041 _aeng
_2eng
084 _a373.4267, ESS
_qFEDL
245 0 _aReport on secondary and higher education in essex,
245 0 _cAdministrative County of Essex
260 _c1906
300 _a418p.
942 _cHB
_h373.4267, ESS
999 _c1361064
_d1361064